ESTADISTICA SANITARIA/

TRADUCCION DE: INTRODUCTION TO HEALTH STATISTICS

Uloženo v:
Podrobná bibliografie
Hlavní autor: Swaroop, Satya (autor)
Médium: Kniha
Témata:
Tagy: Přidat tag
Žádné tagy, Buďte první, kdo vytvoří štítek k tomuto záznamu!

MARC

LEADER 00000nam^a2200000^a^4500
001 000219578
005 20250521000000.0
009 20260310103821.529
035 |a 040810 
037 |a Acervo Xavier Clavigero 
082 |a 614.  |b SWA 
100 |a Swaroop, Satya  |e (autor) 
245 1 0 |a ESTADISTICA SANITARIA/  |c SATYA SWAROOP; TR. ANA MARIA FLORES 
264 |a MEXICO :  |b FONDO DE CULTURA ECONOMICA,  |c 1964 
300 |a 413p. :  |b tbs. 
336 |a texto  |b txt  |2 rdacontenido 
337 |a sin mediación  |b n  |2 rdamedio 
338 |a volumen  |b nc  |2 rdasoporte 
520 |a TRADUCCION DE: INTRODUCTION TO HEALTH STATISTICS 
649 |a XX 
650 |a Salud Pública 
650 |a Salud Pública -  |x Estadísticas 
910 |a Fondo General 
920 |a Impresos - Libros 
930 |a Colección General 
905 |a 101 
901 |a 040810  |b IT1  |c ACC  |i 040810  |u 20250521 
902 |a https://opac.biblio.iteso.mx/vufind/Record/000219578